ბათუმის შოთა რუსთაველის სახელმწიფო უნივერსიტეტის ბიბლიოთეკა

სიტყვები = Orationes : (ბიბ.ჩანაწერი № 55264)

000 -ლიდერი
ფიქსირებული სიგრძის საკონტროლო ველი 02032nam a2200277Ia 4500
001 - საკონტროლო ნომერი
საკონტროლო ველი 22340
003 - საკონტროლო ნომრის იდენტიფიკატორი
საკონტროლო ველი GE_BSU
005 - ბოლო ოპერაციის თარიღი და დრო
საკონტროლო ველი 20230310150701.0
008 - ფიქსირებული სიგრძის მონაცემთა ელემენტები - ზოგადი ინფორმაცია
ფიქსირებული სიგრძის საკონტროლო ველი 181216s||||||||xx |||||||||||||| ||und||
020 ## - წიგნის საერთაშორისო სტანდარტული ნომერი
International Standard Book Number 99940-31-19-8
040 ## - კატალოგიზაციის წყარო
Transcribing agency GE_BSU
041 ## - ენის კოდი
Language code of text/sound track or separate title geo
080 ## - უნივერსალური ათობითი კლასიფიკაციის ინდექსი
Universal Decimal Classification number 821.124-54 ც-77
100 ## - მთავარი ჩანაწერი - პიროვნების სახელი
Personal name ციცერონი, მარკუს ტულიუს
9 (RLIN) 15557
245 ## - ცნობა სათაურის შესახებ
Title სიტყვები = Orationes :
Remainder of title როსციუსის დასაცავად, კატილინას წინააღმდეგ, მურენას დასაცავად, ლიგარიუსის დასაცავად /
Statement of responsibility, etc მარკუს ტულიუს ; ლათ. თარგმნა შესავ. წერილი და კომენტ. დაურთო იამზე გაგუამ ; რედ. თ. გიორგობიანი.
264 ## - წარმოების, გამოცემის, დისტრიბუციის და სხვა ცნობები
გამოცემის, წარმოების, დისტრიბუციის... ადგილი თბილისი :
გამოცემის, წარმოების, დისტრიბუციის... სახელწოდება პროგრამა "ლოგოსი,
გამოცემის, წარმოების, დისტრიბუციის... თარიღი 2005.
300 ## - ფიზიკური აღწერა
Extent 160 გვ. ;
Dimensions 20 სმ.
490 ## - სერიის ცნობა
Series statement პროგრამა "ლოგოსი"
500 ## - ზოგადი შენიშვნა
General note პუბლიკაციები და ღონისძიებები კლასიკური ფილოლოგიის, ბიზანტინისტიკისა და ნეოგრეცისტიკის სფეროში
653 ## - INDEX TERM--UNCONTROLLED
Uncontrolled term როსციუსის დასაცავად, კატილინას წინააღმდეგ, მურენას დასაცავად, ლიგარიუსის დასაცავად
653 ## - INDEX TERM--UNCONTROLLED
Uncontrolled term სიტყვები = Orationes
700 ## - ADDED ENTRY--PERSONAL NAME
Personal name გიორგობიანი, თ.
Relator term რედაქტორი
9 (RLIN) 17165
710 ## - ADDED ENTRY--CORPORATE NAME
Relator code თსუ
Subordinate unit კლასიკური ფილოლოგიის, ბიზანტინისტისა და ნეოგრეცისტიკის ინსტიტუტი
9 (RLIN) 17166
942 ## - ADDED ENTRY ELEMENTS (KOHA)
Koha item type წიგნი
Source of classification or shelving scheme
ეგზემპლარები
ჩამოწერის სტატუსი დაკარგული ეგზემპლარის სტატუსი კლასიფიკაციის წყარო ან თაროზე გაწყობის სქემა დაზიანების სტატუსი არ გაიცემა მუდმივი მდებარეობა (დაცვის ადგილი) ამჟამინდელი ადგილსამყოფელი თაროზე განთავსების ადგილი შეძენის თარიღი ღირებულება, შესყიდვის ნორმალური ფასი სრული შენახვის შიფრი შტრიხკოდი ბოლო ოპერაციის თარიღი ეგზემპლარის მიმდევრობითი ნომერი (კეტერი?) ფასის ძალაში შესვლის თარიღი ეგზემპლარის სახეობა საჯარო შენიშვნა
          ბათუმის შოთა რუსთაველის სახელმწიფო უნივერსიტეტის მთავარი ბიბლიოთეკა ბათუმის შოთა რუსთაველის სახელმწიფო უნივერსიტეტის მთავარი ბიბლიოთეკა წიგნსაცავი 2018-12-17 12.00 821.124-54 ც-77 57566 2018-12-17 57566 2018-12-17 წიგნი 12.00 ₾.